| 000 | 00771nam a22002417a 4500 | ||
|---|---|---|---|
| 999 |
_c20861 _d20861 |
||
| 003 | AR-CdUCM | ||
| 008 | 190402b ||||| |||| 00| 0 spa d | ||
| 040 |
_aMUNICIPALIDAD PROVINCIAL DEL CUSCO _cBIBLIOTECA MUNICIPAL DEL CUSCO |
||
| 082 |
_aEP / 036.083 / _bAB13 |
||
| 100 |
_aAberasturi _943554 |
||
| 245 | _aPerros de raza / | ||
| 260 |
_bVasco Americana, _aBarcelona : _c1963. |
||
| 300 |
_bIlustraciones, _c35 cm. _a32 páginas ; |
||
| 440 |
_aLibros culturales _943555 |
||
| 505 | _aContenidos : Perdiguero portugués -- Cocker spaniel -- Clumber spaniel -- Breton... | ||
| 650 |
_aPerros _915659 |
||
| 650 |
_aProcedencia _943556 |
||
| 650 |
_aEspaña _9176 |
||
| 650 |
_aFrancia _91444 |
||
| 650 |
_aInglaterra _91396 |
||
| 942 |
_2ddc _cLIBROS |
||
| 945 | _arcc | ||